Cumbres borrascosas / (Registro nro. 3056)

Detalles MARC
000 -LEADER
fixed length control field 01539nam a22002057a 4500
008 - CAMPO DE CONTROL (LIBRO)
fixed length control field 200210s2009 ag |||gr|||| 000 1 spa d
020 ## - INTERNATIONAL STANDARD BOOK NUMBER
ISBN 9875662348
041 ## - CODIGO DE IDIOMA
Código de idioma del texto/pista de sonido o título separado spa
092 ## - SIGNATURA TOPOGRAFICA DEWEY LOCAL
número de clasificación 808
libristica 8
sección BRO
100 1# - ENTRADA PRINCIPAL--NOMBRE PERSONAL
Nombre personal Bronte, Emily
9 (RLIN) 4104
245 ## - TITULO PROPIAMENTE DICHO
Título Cumbres borrascosas /
Mención de responsabilidad y remanente de la transcripción de la portada Emily Bronte.
250 ## - MENCION DE EDICION
Mención de edición 2a ed.
Mención de responsabilidad relacionada con la ed. Prólogo Victoria Ocampo. Traducción Maria Rosa Lida de Malkiel.
260 ## - PIE DE IMPRENTA
Lugar de publicación, distribución, etc Buenos Aires:
Nombre de la editorial, distribuidor, etc debolsillo;
Fecha de publicación 2009.
300 ## - DESCRIPCION FISICA
Extension 496 p.
Otros detalles físicos 19x13 cm.
500 ## - NOTA GENERAL
Nota general Bronte, E. (2009). Cumbres borrascosas. (2a ed.). Buenos Aires : debolsillo. <br/>
505 ## - NOTA DE CONTENIDO
Nota de contenido formateada Cumbres borrascosas, la épica historia de Catalina y Heathcliff, situada en los sombríos y desolados páramos de Yorkshire, constituye una asombrosa visión metafísica del destino, la obsesión, la pasión y la venganza. Publicada por primera vez en 1847, un año antes de morir la autora, esta obra rompía por completo los cánones del "decoro" que la Inglaterra victoriana exigía a toda novela -tanto en el tema escogido como en la descripción de los personajes- y con la conducción autor-lector impuesta por las obras serializadas. Diversas reseñas la calificaron de "burda, desagradable y alarmante", pero en ningún momento se dudó de la singularidad de su estructura narrativa y de la fuerza de su lenguaje. Son estos valores los que con posterioridad crearon escuela y convirtieron la novela de Emily Brontë en una de las obras maestras de la literatura universal.
590 ## - NOTAS LOCALES (RLIN)
Nota local Donación, febrero 2020.
655 ## - MATERIA - GENERO/FORMA
Género/Forma Literatura
-- 2917
942 ## - ADDED ENTRY ELEMENTS (KOHA)
Source of classification or shelving scheme Dewey Decimal Classification
Item type LITERATURA
Existencias
Estado de retiro Existencia Fuente de clasificación Estado general No para prestamo Ubicación permanente ubicación actual Sala de ubicación Fecha de adquisición Fuente de adquisición Total Checkouts Total Renewals Número de clasificación Código de barras Date last seen Date last borrowed Número de ejemplar Price effective from Koha tipo de elemento (item) Public note
    Dewey Decimal Classification     Biblioteca Medicina Biblioteca Medicina Circulación 10/02/2020 Donación, febrero 2020. 2 2 808 8 BRO 4609 10/03/2023 21/12/2022 Ej. 1 10/02/2020 LITERATURA Donación, febrero 2020.

UNIVERSIDAD NACIONAL DEL COMAHUE
Biblioteca de la Facultad de Ciencias Médicas
Sede Toschi: Los Arrayanes y Av. Toschi, Cipolletti  - Rio Negro
Sede Los Tordos:  Yrigoyen al 2211, Cipolletti - Rio Negro 

Teléfono: 0299 - 4774707 int 25
Contacto: biblioteca@facimed.uncoma.edu.ar
© 2011 - 2026